Ciutadania i fiscalitat : Fundació Rafael Campalans : Barcelona, 26 de maig del 2000 Fundació Rafael Campalans :
Descripción Física:
21 p. ; 30 cm
Colección:
Què s'ha dit? ; 3
Materias:
Impostos -- Aspectes socials
MARC
| LEADER | 00000nam a2200000Ia 4500 | ||
|---|---|---|---|
| 001 | 17057 | ||
| 008 | 160829s2000 xx 000 0 cat d | ||
| 080 | |a FU-32-35 | ||
| 100 | |a Ciutadania i fiscalitat ( 2000 : Barcelona) |9 36194 | ||
| 245 | |a Ciutadania i fiscalitat : |b Fundació Rafael Campalans : |b Barcelona, 26 de maig del 2000 | ||
| 250 | |a Ed. no venal | ||
| 260 | |a [Barcelona] : |b Diputació de Barcelona, |c 2000 | ||
| 300 | |a 21 p. ; |c 30 cm | ||
| 490 | |a Què s'ha dit? ; 3 | ||
| 590 | |a A la coberta: Diputació de Barcelona ; Flor de Maig, Centre per a la Innovació Local. | ||
| 590 | |a Hi ha la 1a reimpressió a FU-22-17 amb R. 17660 | ||
| 650 | |a Impostos |x Aspectes socials |9 23131 | ||
| 710 | 1 | |a Barcelona (Catalunya : Província). |b Diputació |9 52408 | |
| 710 | 2 | |a Centre per a la Innovació Local |9 54171 | |
| 901 | |a Arxiu | ||
| 942 | |n 1 |2 udc | ||
| 952 | |0 0 |1 0 |4 0 |6 FU3235 |7 1 |9 47210 |a Arxiu |b Arxiu |d 2016-12-01 |l 0 |o FU-32-35 |p 17057 |r 2016-12-01 00:00:00 |w 2016-12-01 |y ARXIU | ||
| 999 | |c 51007 |d 51007 | ||